[Event "Helsingor Xtracon op"]
[Site "Helsingor"]
[Date "2018.07.26"]
[Round "7"]
[White "Tiarks, Jann Christian"]
[Black "Rasmussen, Ken"]
[Result "1-0"]
[WhiteElo "2179"]
[BlackElo "2009"]
[PlyCount "27"]
[EventDate "2018.07.21"]
[EventType "swiss"]
[EventRounds "10"]
[EventCountry "DEN"]
[SourceTitle "CBM 185 Extra"]
[Source "ChessBase"]
[SourceDate "2018.07.29"]
[SourceVersion "1"]
[SourceVersionDate "2018.07.29"]
[SourceQuality "1"]

1. e4 e5 2. Nf3 Nc6 3. d4 exd4 4. Nxd4 Nf6 5. Nc3 Bb4 6. Nxc6 bxc6 7. Bd3 d5 8. exd5 cxd5 9. 0-0 0-0 10. Bg5 c6 11. Qf3 Rb8 12. h3 h6 13. Bxh6 gxh6 14. Qg3+ 1-0

[Event "Helsingor Xtracon op"]
[Site "Helsingor"]
[Date "2018.07.21"]
[Round "1"]
[White "Schouten, Ken Ronny"]
[Black "Rasmussen, Ken"]
[Result "0-1"]
[WhiteElo "1309"]
[BlackElo "2009"]
[PlyCount "31"]
[EventDate "2018.07.21"]
[EventType "swiss"]
[EventRounds "10"]
[EventCountry "DEN"]
[SourceTitle "CBM 185 Extra"]
[Source "ChessBase"]
[SourceDate "2018.07.29"]
[SourceVersion "1"]
[SourceVersionDate "2018.07.29"]
[SourceQuality "1"]

1. d4 d5 2. Bf4 c5 3. e3 Nc6 4. c3 Nf6 5. Bd3 g6 6. dxc5 e5 7. Bg5 Bxc5 8. Nd2 h6 9. Bh4 Be7 10. f3 Qb6 11. Bf2 Qxb2 12. Qc2 Qxa1+ 13. Nb1 Ba3 14. Ne2 Qb2 15. 0-0 Qxc2 16. Bxc2 0-1